000 00291nam a2200121Ia 4500
008 190216s9999||||xx |||||||||||||| ||und||
100 _aManmohan & Goyal S N
245 0 _aPrinciples Of Management Accounting
260 _bNull
_c1977
300 _a244p
650 _aCommerce
942 _cBK
999 _c5059
_d5059